000 00836nam a2200289Ia 4500
005 20260324130529.0
008 008 260324s9999 xx 000 0 eng d
020 _a9781315106502
037 _aEBOOK
040 _aCRL
040 _beng
040 _cCRL
041 _2eng
041 _aeng
084 _qCRL
100 _aManfred Wallner; Karl-Heinz Lux; Wolfgang Minkley; H. Reginald Hardy, Jr.
_91182135
245 4 _aThe Mechanical Behavior of Salt – Understanding of THMC Processes in Salt
245 0 _bProceedings of the 6th Conference (SaltMech6), Hannover, Germany, 22–25 May 2007
260 _bTaylor and Francis
260 _c2007
365 _a
365 _b560
856 _uhttp://www.taylorfrancis.com/books/9781315106502
942 _cEBOOK
999 _c1778366
_d1778366